[Event "Czech Open Rapid 2019"]
[Site "Pardubice"]
[Date "2019.07.17"]
[Round "1.12"]
[White "Pacl, Vaclav"]
[Black "Vykouk, Jan"]
[Result "0-1"]
[WhiteElo "2059"]
[BlackElo "2453"]
[Annotator "ChessBase"]
[PlyCount "72"]
[EventDate "2019.07.17"]
[EventType "swiss"]
[EventCountry "CZE"]
[SourceTitle "playchess.com"]
[Source "ChessBase"]
[SourceQuality "1"]

1. Nf3 d5 2. d4 Nf6 3. e3 c6 4. Bd3 Bg4 5. h3 Bh5 6. O-O e6 7. Nbd2 Nbd7 8. c4 Be7 9. b3 O-O 10. Bb2 a6 11. Qc2 Rc8 12. Ne5 c5 13. Rac1 cxd4 14. exd4 Bg6 15. Nxg6 hxg6 16. Qb1 Nb8 17. Nf3 Nc6 18. Rfe1 Nb4 19. Bf1 Ne4 20. a3 Nc6 21. b4 Bh4 22. g3 Bg5 23. Rcd1 Bf6 24. c5 Be7 25. Bd3 f5 26. h4 g5 27. hxg5 Bxg5 28. Kg2 Bh6 29. Rh1 Qf6 30. Qc2 Qg6 31. Rde1 Rf7 32. Rh3 Rcf8 33. Ne5 Nxe5 34. dxe5 f4 35. Bxe4 dxe4 36. f3 exf3+ 0-1

[Event "Czech Open Rapid 2019"]
[Site "Pardubice"]
[Date "2019.07.17"]
[Round "1.12"]
[White "Fedotov, Konstantin"]
[Black "Bryzgalin, Kirill"]
[Result "0-1"]
[WhiteElo "2020"]
[BlackElo "2437"]
[Annotator "NA"]
[PlyCount "98"]
[EventDate "2019.07.17"]
[EventType "swiss"]
[EventCountry "CZE"]
[SourceTitle "playchess.com"]
[Source "ChessBase"]
[SourceQuality "1"]

1. e4 c5 2. Nc3 e6 3. g3 a6 4. Bg2 b5 5. d3 Bb7 6. f4 d5 7. e5 h5 8. Nf3 h4 9. Nxh4 Rxh4 10. gxh4 Qxh4+ 11. Kf1 Nc6 12. Ne2 Nh6 13. Qe1 Qh5 14. c3 Be7 15. Ng3 Qg6 16. Qe2 O-O-O 17. Bd2 Bh4 18. Be1 Rf8 19. Rd1 f6 20. Kg1 fxe5 21. fxe5 Ng4 22. d4 Bg5 23. Nf1 Rxf1+ 24. Bxf1 Be3+ 25. Kg2 Nf2+ 26. Kf3 Qe4+ 27. Kg3 Nxd1 28. Qxd1 Bf4+ 29. Kf2 Qxh1 30. Bg2 Qxh2 31. Qg4 Nd8 32. Qxg7 Bh6 33. Qe7 Qf4+ 34. Kg1 cxd4 35. Qc5+ Nc6 36. Bf2 Qc1+ 37. Bf1 Be3 38. Qf8+ Kc7 39. cxd4 Bxf2+ 40. Kxf2 Qxb2+ 41. Kg3 Qc3+ 42. Kg2 Qxd4 43. Qd6+ Kb6 44. Qxe6 Qxe5 45. Qg6 d4 46. Bd3 Ka5 47. Kf1 Qf4+ 48. Kg1 Qe3+ 49. Kh2 Ne5 0-1

[Event "Czech Open Rapid 2019"]
[Site "Pardubice"]
[Date "2019.07.17"]
[Round "1.13"]
[White "Belyakov, Bogdan"]
[Black "Jezbera, Jiri"]
[Result "1-0"]
[WhiteElo "2500"]
[BlackElo "2133"]
[Annotator "ChessBase"]
[PlyCount "125"]
[EventDate "2019.07.17"]
[EventType "swiss"]
[EventCountry "CZE"]
[SourceTitle "playchess.com"]
[Source "ChessBase"]
[SourceQuality "1"]

1. e4 c5 2. c3 e6 3. d4 d5 4. e5 Nc6 5. Nf3 Qb6 6. a3 c4 7. Nbd2 Na5 8. g3 Bd7 9. h4 Ne7 10. Bh3 Nb3 11. Nxb3 Ba4 12. O-O Qxb3 13. Qe1 h6 14. Nd2 Qb6 15. Qe2 Qc7 16. f4 g6 17. h5 Nf5 18. Kh2 O-O-O 19. Nf3 Kb8 20. hxg6 fxg6 21. g4 Ng7 22. Nh4 Be8 23. f5 gxf5 24. gxf5 exf5 25. Nxf5 Nxf5 26. Bxf5 Be7 27. Bf4 Ka8 28. Qg4 Bg5 29. Bg3 Rg8 30. Qh3 Qb6 31. Rf2 a6 32. Raf1 Bg6 33. Bxg6 Rxg6 34. Kh1 Ka7 35. Re2 Rdg8 36. Bh2 Be7 37. Qd7 Qe6 38. Qxe6 Rxe6 39. Rg2 Rxg2 40. Kxg2 Rb6 41. Rf2 Bg5 42. Rc2 Rg6 43. Kf3 Kb6 44. Kg4 Kc6 45. Kf5 Rg8 46. e6 Rf8+ 47. Kg4 Rg8 48. Re2 b5 49. Kh5 Be7 50. Kxh6 a5 51. Kh7 Rg4 52. Be5 Rg1 53. Rf2 b4 54. axb4 axb4 55. Rf7 bxc3 56. bxc3 Ba3 57. Rc7+ Kb6 58. e7 Bxe7 59. Rxe7 Rc1 60. Rd7 Rxc3 61. Rxd5 Re3 62. Rc5 c3 63. Kg6 1-0

[Event "Czech Open Rapid 2019"]
[Site "Pardubice"]
[Date "2019.07.17"]
[Round "1.13"]
[White "Shcherbin, Matvei"]
[Black "Trasak, Ondrej"]
[Result "1-0"]
[WhiteElo "2366"]
[BlackElo "1978"]
[Annotator "NA"]
[PlyCount "137"]
[EventDate "2019.07.17"]
[EventType "swiss"]
[EventCountry "CZE"]
[SourceTitle "playchess.com"]
[Source "ChessBase"]
[SourceQuality "1"]

1. e4 c6 2. d4 d5 3. f3 dxe4 4. fxe4 e5 5. Nf3 Bg4 6. Bc4 Nd7 7. O-O Ngf6 8. c3 Bh5 9. Bg5 Bd6 10. Nbd2 O-O 11. Bb3 Qc7 12. Qe1 h6 13. dxe5 Bxe5 14. Nxe5 hxg5 15. Nxd7 Nxd7 16. Rf5 Bg4 17. Rxg5 Be6 18. Qh4 Bxb3 19. Nxb3 Ne5 20. Qg3 f6 21. Rh5 Qf7 22. Qh3 Qg6 23. Nc5 Rfe8 24. Nxb7 Nf7 25. Nc5 Ng5 26. Qg4 Qf7 27. b3 Re5 28. Nd7 Rxe4 29. Nxf6+ gxf6 30. Rxg5+ fxg5 31. Qxe4 Re8 32. Qxc6 Re2 33. Qf3 Qe7 34. Qg3 Qc5+ 35. Kh1 Re3 36. Qf2 Qxc3 37. Rf1 Qe5 38. Qf8+ Kh7 39. Qf7+ Kh8 40. Qxa7 Re1 41. Qa8+ Kg7 42. Qb7+ Kh6 43. Qc6+ Kh5 44. Qf3+ Kg6 45. Qf7+ Kh6 46. Qf8+ Kh7 47. Qf2 Rxf1+ 48. Qxf1 Qb2 49. a4 Qxb3 50. Qa1 g4 51. a5 g3 52. a6 Qb8 53. a7 Qa8 54. Qb1+ Kh6 55. Qb6+ Kh5 56. hxg3 Qe4 57. Qa5+ Kg4 58. a8=Q Qb1+ 59. Kh2 Qh7+ 60. Kg1 Qb1+ 61. Kf2 Qc2+ 62. Ke3 Qb3+ 63. Kd4 Qd1+ 64. Kc5 Qc2+ 65. Kb6 Qf2+ 66. Qc5 Qb2+ 67. Kc7 Qg7+ 68. Kb8 Qh8+ 69. Qc8+ 1-0

[Event "Czech Open Rapid 2019"]
[Site "Pardubice"]
[Date "2019.07.17"]
[Round "1.14"]
[White "Ludvik, Tomas"]
[Black "Skliarov, Viktor"]
[Result "0-1"]
[WhiteElo "2334"]
[BlackElo "2360"]
[Annotator "NA"]
[PlyCount "78"]
[EventDate "2019.07.17"]
[EventType "swiss"]
[EventCountry "CZE"]
[SourceTitle "playchess.com"]
[Source "ChessBase"]
[SourceQuality "1"]

1. d4 Nf6 2. c4 e6 3. Nf3 b6 4. g3 Bb7 5. Bg2 Be7 6. O-O O-O 7. d5 exd5 8. Nh4 Ne4 9. cxd5 Bxh4 10. Bxe4 Bf6 11. Nc3 c5 12. Bg2 d6 13. Ne4 Be7 14. a4 Na6 15. Nc3 Nb4 16. Re1 Ba6 17. h4 Re8 18. Bf4 Bf6 19. Qd2 Qd7 20. Kh2 Be5 21. Bxe5 Rxe5 22. f4 Ree8 23. e4 Nd3 24. Re3 c4 25. Bf1 Nc5 26. Qc2 Re7 27. Rae1 Rae8 28. Qd1 Nd3 29. Bxd3 cxd3 30. e5 dxe5 31. fxe5 Qf5 32. Rf1 Qg6 33. Rfe1 h5 34. b4 Qf5 35. Rf1 Qc8 36. Qxh5 Qxc3 37. d6 Qd2+ 38. Kh3 Qxe3 39. dxe7 Bc8+ 0-1

[Event "Czech Open Rapid 2019"]
[Site "Pardubice"]
[Date "2019.07.17"]
[Round "1.14"]
[White "Bystrov, Sergej M."]
[Black "Valderrama Quiceno, Esteban Alb"]
[Result "0-1"]
[WhiteElo "2197"]
[BlackElo "2423"]
[Annotator "NA"]
[PlyCount "74"]
[EventDate "2019.07.17"]
[EventType "swiss"]
[EventCountry "CZE"]
[SourceTitle "playchess.com"]
[Source "ChessBase"]
[SourceQuality "1"]

1. Nf3 Nf6 2. b3 d6 3. Bb2 e5 4. c4 g6 5. g3 Bg7 6. Bg2 O-O 7. O-O Re8 8. d3 c6 9. Nbd2 Nbd7 10. e4 a5 11. a3 Nh5 12. Re1 Nc5 13. Qc2 Qb6 14. d4 exd4 15. Bxd4 Bg4 16. Bxg7 Nxg7 17. Qc3 Bxf3 18. Bxf3 Nge6 19. Bg2 Nd7 20. Nf3 Ne5 21. Rad1 Qc5 22. Nxe5 dxe5 23. b4 axb4 24. axb4 Qe7 25. Qxe5 Qxb4 26. Rb1 Qc5 27. Qf6 Qe7 28. Qb2 Nc5 29. Rbd1 Qe5 30. Qxe5 Rxe5 31. Re3 Ree8 32. h3 Ra2 33. e5 Rc2 34. Rd4 Ra8 35. Be4 Rc1+ 36. Kg2 Ra4 37. Bd3 Rd1 0-1

[Event "Czech Open Rapid 2019"]
[Site "Pardubice"]
[Date "2019.07.17"]
[Round "1.15"]
[White "Rasik, Vitezslav"]
[Black "Mojzis, Jaroslav"]
[Result "1-0"]
[WhiteElo "2470"]
[BlackElo "2095"]
[Annotator "ChessBase"]
[PlyCount "95"]
[EventDate "2019.07.17"]
[EventType "swiss"]
[EventCountry "CZE"]
[SourceTitle "playchess.com"]
[Source "ChessBase"]
[SourceQuality "1"]

1. e4 e5 2. Nf3 Nc6 3. Bb5 a6 4. Ba4 Nf6 5. O-O Be7 6. Re1 b5 7. Bb3 d6 8. c3 O-O 9. h3 Nb8 10. d4 Nbd7 11. Nbd2 Bb7 12. Bc2 Re8 13. Nf1 Bf8 14. Ng3 g6 15. a4 c5 16. d5 c4 17. Bg5 h6 18. Be3 Nc5 19. Qd2 Kh7 20. Ra3 Nfd7 21. Nh2 Bg7 22. Ng4 Qh4 23. Rea1 Nb6 24. axb5 axb5 25. Ra5 Nbd7 26. R1a3 Rxa5 27. Rxa5 Ba6 28. Qc1 Qd8 29. Ra3 h5 30. Nh2 Qb8 31. Qa1 Qb7 32. Nf3 Ra8 33. Ng5+ Kg8 34. Qd1 b4 35. cxb4 Qxb4 36. Nxh5 gxh5 37. Qxh5 Nf6 38. Qxf7+ Kh8 39. Bxc5 dxc5 40. Rf3 Rf8 41. Qg6 Qb7 42. Ne6 Qf7 43. Qg5 Bc8 44. Nxf8 Qxf8 45. Qxe5 Qd8 46. Qg5 Qe7 47. e5 Nxd5 48. Qh5+ 1-0

[Event "Czech Open Rapid 2019"]
[Site "Pardubice"]
[Date "2019.07.17"]
[Round "1.15"]
[White "Nun, Jiri"]
[Black "Ret, Adam Josef"]
[Result "1-0"]
[WhiteElo "2310"]
[BlackElo "1943"]
[Annotator "NA"]
[PlyCount "49"]
[EventDate "2019.07.17"]
[EventType "swiss"]
[EventCountry "CZE"]
[SourceTitle "playchess.com"]
[Source "ChessBase"]
[SourceQuality "1"]

1. e4 d6 2. d4 Nf6 3. Nc3 e5 4. Nge2 Nc6 5. h3 g6 6. d5 Ne7 7. f4 exf4 8. Bxf4 Bg7 9. Qd2 Nd7 10. O-O-O Ne5 11. Nd4 h6 12. g4 Bd7 13. Be2 Ng8 14. Rhf1 a6 15. Rf2 g5 16. Bg3 f6 17. Bxe5 fxe5 18. Ne6 Bxe6 19. dxe6 Nf6 20. Nd5 Nxd5 21. exd5 Rf8 22. Rdf1 Rxf2 23. Rxf2 Bf6 24. Qd3 Ke7 25. Qh7+ 1-0

[Event "Czech Open Rapid 2019"]
[Site "Pardubice"]
[Date "2019.07.17"]
[Round "1.16"]
[White "Maiorov, Nikita"]
[Black "Strebkovs, Andrejs"]
[Result "0-1"]
[WhiteElo "2522"]
[BlackElo "2275"]
[Annotator "ChessBase"]
[PlyCount "52"]
[EventDate "2019.07.17"]
[EventType "swiss"]
[EventCountry "CZE"]
[SourceTitle "playchess.com"]
[Source "ChessBase"]
[SourceQuality "1"]

1. c4 g6 2. Nc3 Bg7 3. g3 e5 4. Bg2 d6 5. d3 c6 6. e4 Nd7 7. Nge2 Nh6 8. O-O f5 9. b4 O-O 10. f4 Qb6+ 11. Kh1 Ng4 12. Qe1 Qxb4 13. h3 Ngf6 14. exf5 gxf5 15. Nd5 Qxe1 16. Nxf6+ Bxf6 17. Rxe1 exf4 18. Rb1 fxg3 19. Nxg3 Bh4 20. Bf4 Ne5 21. Red1 Bxg3 22. Bxg3 f4 23. Bf2 Rf7 24. Rg1 Kf8 25. Rbd1 Bf5 26. c5 Nxd3 0-1

[Event "Czech Open Rapid 2019"]
[Site "Pardubice"]
[Date "2019.07.17"]
[Round "1.16"]
[White "Uhmann, Jan Jr"]
[Black "Lalic, Bogdan"]
[Result "0-1"]
[WhiteElo "2043"]
[BlackElo "2411"]
[Annotator "NA"]
[PlyCount "62"]
[EventDate "2019.07.17"]
[EventType "swiss"]
[EventCountry "CZE"]
[SourceTitle "playchess.com"]
[Source "ChessBase"]
[SourceQuality "1"]

1. e4 c5 2. Nf3 Nc6 3. Bc4 e6 4. Nc3 a6 5. a4 Nf6 6. d3 d5 7. exd5 exd5 8. Bb3 Be7 9. O-O O-O 10. Bg5 Be6 11. Ne2 h6 12. Bh4 Bg4 13. Nd2 Nd4 14. f3 Nxe2+ 15. Qxe2 Be6 16. c3 Re8 17. d4 cxd4 18. cxd4 Qb6 19. Qd3 g6 20. Rfe1 Bf5 21. Qe3 Bf8 22. Qf2 Rxe1+ 23. Rxe1 Bg7 24. Kh1 Be6 25. Qe3 Rc8 26. Bxf6 Bxf6 27. Qxh6 Qxd4 28. h3 Be5 29. Qg5 Bf4 30. Qh4 Qxd2 31. Rd1 Rc1 0-1

[Event "Czech Open Rapid 2019"]
[Site "Pardubice"]
[Date "2019.07.17"]
[Round "1.17"]
[White "Vittorino, Carlo Giovanni"]
[Black "Tesar, Jan"]
[Result "1-0"]
[WhiteElo "2252"]
[BlackElo "2034"]
[Annotator "NA"]
[PlyCount "73"]
[EventDate "2019.07.17"]
[EventType "swiss"]
[EventCountry "CZE"]
[SourceTitle "playchess.com"]
[Source "ChessBase"]
[SourceQuality "1"]

1. d4 d5 2. c4 e5 3. dxe5 d4 4. Nf3 Nc6 5. g3 Nge7 6. Bg2 Ng6 7. Bf4 Bb4+ 8. Nbd2 O-O 9. a3 Be7 10. Nb3 f6 11. exf6 Bxf6 12. Nc5 Nxf4 13. gxf4 Qd6 14. Nd3 Bf5 15. Qd2 Rae8 16. O-O Qe6 17. Rfe1 Qxc4 18. Rac1 Qf7 19. Nc5 b6 20. Ng5 Bxg5 21. Bxc6 Bd7 22. Bxd7 Bxf4 23. Qxd4 bxc5 24. Qc4 Qxc4 25. Rxc4 Re7 26. Bc6 Bd6 27. e3 Rb8 28. Re2 Re5 29. f4 Re7 30. Kf2 Kf7 31. Kf3 Kf6 32. e4 Rb3+ 33. Re3 Rxe3+ 34. Kxe3 Re6 35. e5+ Kf7 36. Bd5 Be7 37. f5 1-0

[Event "Czech Open Rapid 2019"]
[Site "Pardubice"]
[Date "2019.07.17"]
[Round "1.18"]
[White "Krouzel, Jaroslav"]
[Black "Manik, Mikulas"]
[Result "0-1"]
[WhiteElo "2117"]
[BlackElo "2377"]
[Annotator "NA"]
[PlyCount "60"]
[EventDate "2019.07.17"]
[EventType "swiss"]
[EventCountry "CZE"]
[SourceTitle "playchess.com"]
[Source "ChessBase"]
[SourceQuality "1"]

1. d4 Nf6 2. Nf3 g6 3. Bf4 c5 4. c3 Qb6 5. Qc2 d6 6. Nbd2 cxd4 7. cxd4 Nc6 8. e3 Bf5 9. Qb3 Bg7 10. Bc4 d5 11. Qxb6 axb6 12. Be2 O-O 13. O-O Nb4 14. a3 Nd3 15. Nh4 Nxf4 16. exf4 Bd7 17. Nhf3 Rfc8 18. Rac1 e6 19. Ne5 Be8 20. Bd3 b5 21. Nb3 Bf8 22. Nc5 b6 23. Nb3 b4 24. axb4 Bxb4 25. Rxc8 Rxc8 26. Ra1 Ne4 27. f3 Nd2 28. Nc1 b5 29. Kf2 Nc4 30. b3 Bc3 0-1

[Event "Czech Open Rapid 2019"]
[Site "Pardubice"]
[Date "2019.07.17"]
[Round "1.18"]
[White "Roskova, Katerina"]
[Black "Myshakov, Fyodor"]
[Result "0-1"]
[WhiteElo "1972"]
[BlackElo "2295"]
[Annotator "NA"]
[PlyCount "126"]
[EventDate "2019.07.17"]
[EventType "swiss"]
[EventCountry "CZE"]
[SourceTitle "playchess.com"]
[Source "ChessBase"]
[SourceQuality "1"]

1. Nf3 d5 2. c4 dxc4 3. Qa4+ c6 4. Qxc4 Nf6 5. g3 g6 6. Bg2 Bg7 7. O-O O-O 8. a4 b6 9. d4 Nd5 10. Re1 a5 11. Nc3 Ba6 12. Qb3 Nb4 13. Bf4 Nd7 14. Rad1 Rc8 15. Na2 Nd5 16. Bd2 Rb8 17. e4 N5f6 18. Bf4 Rb7 19. Qc2 Qc8 20. b4 b5 21. axb5 cxb5 22. Qxc8 Rxc8 23. bxa5 b4 24. Bf1 Bxf1 25. Kxf1 Rc2 26. a6 Rb6 27. a7 Rxa2 28. d5 Rba6 29. Rb1 Rxa7 30. Rxb4 Ra1 31. Ne5 Rxe1+ 32. Kxe1 Nxe5 33. Bxe5 Nd7 34. Bxg7 Kxg7 35. Ke2 f6 36. f4 Kf7 37. Kd3 Ra2 38. Rc4 Ra3+ 39. Ke2 Ra7 40. Ke3 h5 41. Rc3 Nb6 42. Kd4 Ra1 43. Rb3 Rd1+ 44. Kc5 Nc8 45. e5 Rc1+ 46. Kd4 f5 47. Rb7 Ke8 48. h3 Kd8 49. g4 fxg4 50. hxg4 hxg4 51. Rb3 Ra1 52. Rg3 Ra4+ 53. Ke3 Nb6 54. Rxg4 Nxd5+ 55. Kf3 Rxf4+ 56. Rxf4 Nxf4 57. Kxf4 Kd7 58. Kg5 Ke6 59. Kxg6 Kxe5 60. Kg5 Ke4 61. Kg4 e5 62. Kg3 Ke3 63. Kg2 Ke2 0-1

[Event "Czech Open Rapid 2019"]
[Site "Pardubice"]
[Date "2019.07.17"]
[Round "1.19"]
[White "Peng, Li Min"]
[Black "Chirivi C, Jenny Astrid"]
[Result "1-0"]
[WhiteElo "2466"]
[BlackElo "2089"]
[Annotator "ChessBase"]
[PlyCount "91"]
[EventDate "2019.07.17"]
[EventType "swiss"]
[EventCountry "CZE"]
[SourceTitle "playchess.com"]
[Source "ChessBase"]
[SourceQuality "1"]

1. Nf3 d5 2. c4 c6 3. b3 Nf6 4. Bb2 e6 5. e3 Nbd7 6. Qc2 Bd6 7. g4 Ne4 8. h4 e5 9. d3 Qa5+ 10. Ke2 Nef6 11. g5 Nh5 12. Bh3 dxc4 13. dxc4 Nc5 14. Bxc8 Rxc8 15. Qc3 Qxc3 16. Nxc3 O-O 17. Nd2 f5 18. b4 Nd7 19. c5 Bc7 20. Nc4 e4 21. Rad1 Ne5 22. Nxe5 Bxe5 23. Na4 Bxb2 24. Nxb2 f4 25. Rh3 Rcd8 26. Rxd8 Rxd8 27. Nc4 Rd3 28. Nd2 Ra3 29. Nxe4 Rxa2+ 30. Kd3 a5 31. bxa5 Rxa5 32. Rf3 Ra3+ 33. Nc3 fxe3 34. fxe3 g6 35. Rf1 Ng7 36. Rb1 Ne6 37. Kc4 Ra5 38. Ne4 Ra4+ 39. Kd3 Ra3+ 40. Ke2 Ra7 41. Kf3 Kg7 42. Rd1 b5 43. cxb6 Rb7 44. Rd6 Nxg5+ 45. hxg5 Rxb6 46. Rd7+ 1-0

[Event "Czech Open Rapid 2019"]
[Site "Pardubice"]
[Date "2019.07.17"]
[Round "1.19"]
[White "Sarkar, Justin"]
[Black "Kopriva, Martin"]
[Result "1-0"]
[WhiteElo "2389"]
[BlackElo "2031"]
[Annotator "NA"]
[PlyCount "81"]
[EventDate "2019.07.17"]
[EventType "swiss"]
[EventCountry "CZE"]
[SourceTitle "playchess.com"]
[Source "ChessBase"]
[SourceQuality "1"]

1. d4 Nf6 2. c4 g6 3. Nc3 Bg7 4. e4 d6 5. Be2 O-O 6. Bg5 h6 7. Be3 e5 8. d5 a5 9. g4 Ne8 10. h4 Na6 11. h5 g5 12. Bf3 b6 13. Nge2 Bf6 14. Ng3 Ng7 15. a3 Nc5 16. O-O Bd7 17. b3 Qe7 18. Rb1 Rfb8 19. b4 axb4 20. axb4 Nb7 21. Nf5 Nxf5 22. exf5 Be8 23. Qc2 Qd7 24. Ne4 Bd8 25. c5 bxc5 26. bxc5 Nxc5 27. Nxc5 dxc5 28. Bxc5 Rb5 29. Rxb5 Qxb5 30. Rb1 Qa5 31. Kg2 Kg7 32. Bb4 Qa7 33. f6+ Bxf6 34. Qf5 Ba4 35. Be4 Rh8 36. Ra1 Qa6 37. Bd3 Qa8 38. Qe4 Qe8 39. Rxa4 Qxa4 40. Bf8+ Rxf8 41. Qh7# 1-0

[Event "Czech Open Rapid 2019"]
[Site "Pardubice"]
[Date "2019.07.17"]
[Round "1.20"]
[White "Taranik, Olexiy"]
[Black "Jirka, Jiri"]
[Result "0-1"]
[WhiteElo "2124"]
[BlackElo "2407"]
[Annotator "NA"]
[PlyCount "51"]
[EventDate "2019.07.17"]
[EventType "swiss"]
[EventCountry "CZE"]
[SourceTitle "playchess.com"]
[Source "ChessBase"]
[SourceQuality "1"]

1. e4 e5 2. Nf3 Nc6 3. Nc3 Nf6 4. Bb5 Bc5 5. O-O Nd4 6. Ba4 O-O 7. d3 c6 8. Bb3 a5 9. Nxe5 d6 10. Nxf7 Rxf7 11. Bxf7+ Kxf7 12. h3 Kg8 13. Be3 d5 14. Bg5 Be6 15. Re1 Qf8 16. exd5 Nxd5 17. Ne4 Bb6 18. c3 Nf5 19. c4 Nb4 20. a3 Na6 21. Be3 Nxe3 22. fxe3 Re8 23. Qe2 Bxc4 24. dxc4 Rxe4 25. Qd3 Qe7 26. Rad1 0-1

[Event "Czech Open Rapid 2019"]
[Site "Pardubice"]
[Date "2019.07.17"]
[Round "1.20"]
[White "Mandak, Miroslav"]
[Black "Punin, Andrii"]
[Result "0-1"]
[WhiteElo "1993"]
[BlackElo "2305"]
[Annotator "NA"]
[PlyCount "82"]
[EventDate "2019.07.17"]
[EventType "swiss"]
[EventCountry "CZE"]
[SourceTitle "playchess.com"]
[Source "ChessBase"]
[SourceQuality "1"]

1. e4 d5 2. exd5 Qxd5 3. Nc3 Qd6 4. d4 Nf6 5. h3 a6 6. Nf3 g6 7. Be3 Bg7 8. a3 O-O 9. Bd3 Nc6 10. O-O e5 11. dxe5 Nxe5 12. Nxe5 Qxe5 13. Qf3 Be6 14. Rfe1 c6 15. Bh6 Qc7 16. Bxg7 Kxg7 17. b3 Rad8 18. a4 Qa5 19. Ne4 Nxe4 20. Qxe4 Bf5 21. Qc4 Bxd3 22. cxd3 Rfe8 23. Kf1 Qf5 24. Qc3+ Qf6 25. Qc2 Rd5 26. Rxe8 Qxa1+ 27. Re1 Qd4 28. Rd1 h5 29. Kg1 a5 30. Qc4 Qe5 31. Qc1 h4 32. Qe3 Qxe3 33. fxe3 Rc5 34. Kf2 Rc3 35. Rb1 Rxd3 36. Kf3 c5 37. Rb2 f5 38. Ke2 Rd6 39. Rc2 b6 40. Kf3 Rd3 41. Ke2 Rxb3 0-1

[Event "Czech Open Rapid 2019"]
[Site "Pardubice"]
[Date "2019.07.17"]
[Round "1.21"]
[White "Zanan, Evgeny"]
[Black "Vokoun, Jan"]
[Result "1-0"]
[WhiteElo "2505"]
[BlackElo "2072"]
[Annotator "ChessBase"]
[PlyCount "91"]
[EventDate "2019.07.17"]
[EventType "swiss"]
[EventCountry "CZE"]
[SourceTitle "playchess.com"]
[Source "ChessBase"]
[SourceQuality "1"]

1. d4 Nf6 2. Bf4 b6 3. Nf3 Bb7 4. e3 g6 5. c4 Bg7 6. Nc3 d6 7. h3 O-O 8. Qc2 Nbd7 9. Be2 Re8 10. Rd1 a6 11. O-O Ra7 12. e4 Qa8 13. d5 c6 14. a4 Rc8 15. Qb1 Qb8 16. Rfe1 Ne8 17. Bf1 c5 18. Qc1 f6 19. h4 Nc7 20. Bh6 Rf8 21. g3 Rf7 22. Bh3 Nf8 23. Bxg7 Rxg7 24. Nh2 Bc8 25. Bf1 Bd7 26. f4 b5 27. e5 b4 28. exf6 exf6 29. Ne4 Ne8 30. b3 Bf5 31. Nf2 Rae7 32. Nhg4 h5 33. Nh6+ Kh8 34. Rxe7 Rxe7 35. Nxf5 gxf5 36. Bh3 Ng7 37. Qc2 Qe8 38. Bf1 Kh7 39. Bd3 Qg6 40. Kh2 Re3 41. Rg1 Nd7 42. Nd1 Re7 43. Kg2 Kg8 44. Kf2 Qe8 45. Qd2 Nf8 46. Ne3 1-0

[Event "Czech Open Rapid 2019"]
[Site "Pardubice"]
[Date "2019.07.17"]
[Round "1.21"]
[White "Meleshko, Volodymyr"]
[Black "MOGILNY, JEVGENI."]
[Result "1-0"]
[WhiteElo "2270"]
[BlackElo "1853"]
[Annotator "NA"]
[PlyCount "89"]
[EventDate "2019.07.17"]
[EventType "swiss"]
[EventCountry "CZE"]
[SourceTitle "playchess.com"]
[Source "ChessBase"]
[SourceQuality "1"]

1. e4 e5 2. Nf3 Nc6 3. d4 d6 4. d5 Nce7 5. h3 h6 6. c4 f5 7. exf5 Bxf5 8. Nh4 Bh7 9. Bd3 Bxd3 10. Qxd3 Qd7 11. Be3 b6 12. Nc3 g5 13. Ng6 Nxg6 14. Qxg6+ Qf7 15. Qxf7+ Kxf7 16. Nb5 Rc8 17. Nxa7 Ra8 18. Nb5 Rc8 19. a4 Be7 20. a5 bxa5 21. Rxa5 c6 22. Na7 Nf6 23. Nxc8 Rxc8 24. dxc6 Rxc6 25. b3 Ne4 26. Ke2 Ke6 27. Kd3 Nf6 28. h4 d5 29. hxg5 dxc4+ 30. bxc4 Ng4 31. gxh6 Nxe3 32. fxe3 Rc8 33. h7 Rh8 34. Rh6+ Kf5 35. e4+ Kg5 36. Raa6 Kf4 37. Rag6 Rd8+ 38. Kc2 Rc8 39. Rg8 Rxc4+ 40. Kb3 Rxe4 41. h8=Q Ke3 42. Rh3+ Ke2 43. Qh5+ Ke1 44. Rh1+ Kf2 45. Qf3# 1-0

[Event "Czech Open Rapid 2019"]
[Site "Pardubice"]
[Date "2019.07.17"]
[Round "1.22"]
[White "Zpevakova, Jana"]
[Black "Pulpan, Jakub"]
[Result "1-0"]
[WhiteElo "2109"]
[BlackElo "2414"]
[Annotator "NA"]
[PlyCount "57"]
[EventDate "2019.07.17"]
[EventType "swiss"]
[EventCountry "CZE"]
[SourceTitle "playchess.com"]
[Source "ChessBase"]
[SourceQuality "1"]

1. d4 Nf6 2. c4 e6 3. Nf3 d5 4. Nc3 c5 5. Bg5 cxd4 6. Nxd4 Nc6 7. e3 Bb4 8. Rc1 h6 9. Bxf6 Qxf6 10. cxd5 exd5 11. Bd3 Nxd4 12. exd4 O-O 13. O-O Be6 14. Bb1 Bd6 15. Qd3 g6 16. g3 a6 17. a3 Rfd8 18. Rfe1 h5 19. h4 Rac8 20. Re3 Rc4 21. Rd1 Bb8 22. Ba2 Rcc8 23. Rde1 Ba7 24. Re5 Bb8 25. R5e3 b5 26. Rf3 Qg7 27. Qd2 Rc6 28. Qg5 Qxd4 29. Qxd8+ 1-0

[Event "Czech Open Rapid 2019"]
[Site "Pardubice"]
[Date "2019.07.17"]
[Round "1.22"]
[White "Zdrazil, Jan"]
[Black "Rytenko, Vsevolod"]
[Result "1-0"]
[WhiteElo "1967"]
[BlackElo "2303"]
[Annotator "NA"]
[PlyCount "63"]
[EventDate "2019.07.17"]
[EventType "swiss"]
[EventCountry "CZE"]
[SourceTitle "playchess.com"]
[Source "ChessBase"]
[SourceQuality "1"]

1. e4 c5 2. Nf3 e6 3. d4 cxd4 4. Nxd4 a6 5. Nc3 Qc7 6. Bd3 b5 7. f4 Bb7 8. Qf3 Nf6 9. g4 b4 10. Nce2 d5 11. e5 Ne4 12. f5 Qxe5 13. Bf4 Qf6 14. g5 Qe7 15. O-O-O e5 16. Rhe1 exf4 17. f6 gxf6 18. Nxf4 Nd7 19. Nxd5 Bxd5 20. Bxe4 Bxe4 21. Rxe4 Ne5 22. Rxe5 fxe5 23. Qxa8+ Qd8 24. Qc6+ Qd7 25. Qf6 Rg8 26. Qxe5+ Qe7 27. Qb8+ Qd8 28. Re1+ Be7 29. Rxe7+ Kxe7 30. Nc6+ Kd7 31. Nxd8 Rxd8 32. Qxb4 1-0

[Event "Czech Open Rapid 2019"]
[Site "Pardubice"]
[Date "2019.07.17"]
[Round "1.23"]
[White "Gutman, Gennadi"]
[Black "Hagemann, Sven"]
[Result "1-0"]
[WhiteElo "2466"]
[BlackElo "2014"]
[Annotator "ChessBase"]
[PlyCount "61"]
[EventDate "2019.07.17"]
[EventType "swiss"]
[EventCountry "CZE"]
[SourceTitle "playchess.com"]
[Source "ChessBase"]
[SourceQuality "1"]

1. d4 Nf6 2. Nf3 e6 3. c4 Bb4+ 4. Nbd2 c5 5. e3 O-O 6. a3 Bxd2+ 7. Qxd2 cxd4 8. Nxd4 d5 9. b4 a5 10. Bb2 Ne4 11. Qc2 axb4 12. axb4 Rxa1+ 13. Bxa1 Qb6 14. Qb2 e5 15. Nb5 Re8 16. c5 Qd8 17. Bd3 Bd7 18. O-O Bxb5 19. Bxb5 Nc6 20. Bd3 Nf6 21. b5 Nb8 22. Rc1 Qc7 23. h3 Nbd7 24. b6 Qb8 25. Bb5 Re6 26. Qb4 e4 27. Qa4 Ne5 28. Qa7 Qc8 29. Bxe5 Rxe5 30. c6 Re8 31. Qxb7 1-0

[Event "Czech Open Rapid 2019"]
[Site "Pardubice"]
[Date "2019.07.17"]
[Round "1.23"]
[White "SYDORYKA, VLADISLAV."]
[Black "Kusa, Jakub"]
[Result "1-0"]
[WhiteElo "2263"]
[BlackElo "2199"]
[Annotator "NA"]
[PlyCount "71"]
[EventDate "2019.07.17"]
[EventType "swiss"]
[EventCountry "CZE"]
[SourceTitle "playchess.com"]
[Source "ChessBase"]
[SourceQuality "1"]

1. c4 Nf6 2. g3 g6 3. Bg2 Bg7 4. Nc3 d6 5. Nf3 O-O 6. O-O c6 7. d3 e5 8. Qc2 a5 9. c5 Na6 10. cxd6 Qxd6 11. a3 Nc5 12. Be3 Ne6 13. Rfc1 Nd4 14. Nxd4 exd4 15. Bf4 Qd8 16. Na4 Be6 17. Nc5 Qe7 18. Nxe6 Qxe6 19. Bf3 Nd7 20. b4 axb4 21. axb4 Ne5 22. Bg2 Rfe8 23. b5 Rxa1 24. Rxa1 cxb5 25. Bxb7 Qb6 26. Bd5 Rd8 27. Qb3 Qd6 28. Bxf7+ Kh8 29. Bg5 Nxf7 30. Qxf7 Rf8 31. Qb7 Qe5 32. Ra7 Rg8 33. Bh6 b4 34. f4 Qf6 35. Bxg7+ Qxg7 36. Qb6 1-0